000 00367 a2200157 4500
001 74761
020 _a978850415768-6
040 _cAnchieta - Colégio São Paulo
100 _aGewandsznajder, Fernando
240 1 0 _aProjeto Teláris
_lpor
245 1 0 _aProjeto Teláris
300 _a256
362 0 _a2014
650 4 _aCiência da vida - Biologia
942 _cBK
999 _c74761
_d74761